Fr. Conceicao Rodrigues College of Engineering

Automobile engineering (Record no. 25592)

MARC details
000 -LEADER
fixed length control field 00402nam a2200181Ia 4500
082 ## - DEWEY DECIMAL CLASSIFICATION NUMBER
Classification number 629.2
Item number SIN
100 ## - MAIN ENTRY--PERSONAL NAME
Personal name Singh/Kirpal
245 ## - TITLE STATEMENT
Title Automobile engineering
260 ## - PUBLICATION, DISTRIBUTION, ETC.
Name of publisher, distributor, etc. Standard Publication
Date of publication, distribution, etc. 2014
366 ## - TRADE AVAILABILITY INFORMATION
Publishers's discount category 10
300 ## - PHYSICAL DESCRIPTION
Extent 670
490 ## - SERIES STATEMENT
Volume/sequential designation 2
546 ## - LANGUAGE NOTE
Language note ENGLISH
-- Info.Tech
650 ## - SUBJECT ADDED ENTRY--TOPICAL TERM
Topical term or geographic name entry element Automobile engineering
654 ## - SUBJECT ADDED ENTRY--FACETED TOPICAL TERMS
Focus term automobile engineering
942 ## - ADDED ENTRY ELEMENTS (KOHA)
Koha item type BOOK
Holdings
Withdrawn status Lost status Damaged status Not for loan Collection Home library Current library Date acquired Source of acquisition Cost, normal purchase price Inventory number Total Checkouts Full call number Barcode Date last seen Cost, replacement price Price effective from Koha item type Date due Date last checked out
        CRC Fr. Agnel's C.Rodrigues College of Engineering Fr. Agnel's C.Rodrigues College of Engineering 17/03/2023 Allied Publishers 337.50 438 dt 22.07.2016   629.2 SIN 24294 17/03/2023 375.00   BOOK    
        CRC Fr. Agnel's C.Rodrigues College of Engineering Fr. Agnel's C.Rodrigues College of Engineering 17/03/2023 Allied Publishers 337.50 438 dt 22.07.2016 2 629.2 SIN 24295 14/01/2025 375.00   BOOK 24/01/2025 14/01/2025